000 00417nam a2200157 i 4500
001 23703
003 ES-MaACL
005 20230906152923.0
007 t|
008 021212s1966 sp ||||1| spa d
100 1 _aAmadoz, José Luis.
_921096
245 1 0 _aLímites de exilio /
_cJosé Luis Amadoz.
260 _a[Pamplona] :
_bMorea,
_c1966.
300 _a36 p. ;
_c21 cm.
852 _aES-MaACL
_j2046-F-11
_bR.58288
999 _c23703
_d23703